[Event "TCh-BEL 2011-12"]
[Site "Belgium BEL"]
[Date "2012.02.12"]
[Round "8.7"]
[White "Braun,Christi2"]
[Black "Ahn,M"]
[Result "1-0"]
[WhiteTitle "FM"]
[BlackTitle "FM"]
[WhiteElo "2392"]
[BlackElo "2290"]
[WhiteTeam "Eynatten 2"]
[BlackTeam "Rochade Eupen"]
[WhiteFideId "4692098"]
[BlackFideId "200972"]
[EventDate "2011.10.09"]

1. e4 c5 2. Nf3 a6 3. c3 d5 4. exd5 Qxd5 5. Be2 Nf6 6. O-O Nc6 7. Na3 b5 8. c4
bxc4 9. Nxc4 Nd7 10. Ne3 Qd6 11. b4 Nd4 12. bxc5 Nxe2+ 13. Qxe2 Nxc5 14. d4 Ne6
15. Nc4 Qc7 16. d5 Nc5 17. Ba3 e6 18. d6 Qa7 19. Nfe5 Na4 20. Qf3 f6 21. Qc6+
Kd8 22. Bb4 fxe5 23. Ba5+ 1-0

[Event "TCh-BEL 2011-12"]
[Site "Belgium BEL"]
[Date "2012.02.12"]
[Round "8.8"]
[White "Klein,Fe"]
[Black "Coenen,N"]
[Result "1-0"]
[WhiteTitle "FM"]
[BlackTitle "IM"]
[WhiteElo "2246"]
[BlackElo "2345"]
[WhiteTeam "Rochade Eupen"]
[BlackTeam "Eynatten 2"]
[WhiteFideId "24600458"]
[BlackFideId "4619455"]
[EventDate "2011.10.09"]

1. e4 c5 2. Nf3 e6 3. d4 cxd4 4. Nxd4 Nf6 5. Nc3 d6 6. Be3 a6 7. f3 b5 8. Qd2
Nbd7 9. g4 Nb6 10. a4 Nc4 11. Bxc4 bxc4 12. a5 Bb7 13. Na4 Nd7 14. Qc3 Be7 15.
O-O-O O-O 16. Kb1 Rb8 17. h4 d5 18. g5 Ba8 19. Nb6 Nxb6 20. axb6 Rxb6 21. exd5
Bb4 22. Qxc4 Bxd5 23. Qe2 Rd6 24. g6 fxg6 25. c4 e5 26. cxd5 exd4 27. Bxd4 Qc8
28. Be5 Re8 29. f4 Rb6 30. Qf3 Bd6 31. Rhe1 Qf5+ 32. Qd3 Bxe5 33. Qxf5 Rxb2+ 34.
Ka1 gxf5 35. fxe5 Reb8 36. d6 R2b5 37. Rd2 Ra5+ 38. Ra2 Rd5 39. Rxa6 Re8 40. e6
Kf8 41. Kb2 f4 42. Rb6 Ra8 43. Re4 Rf5 44. Reb4 g5 45. Rb8+ Rxb8 46. Rxb8+ Kg7
47. e7 1-0

[Event "TCh-BEL 2011-12"]
[Site "Belgium BEL"]
[Date "2012.02.12"]
[Round "8.1"]
[White "Zaragatski,I"]
[Black "Grooten,H"]
[Result "1/2-1/2"]
[WhiteTitle "IM"]
[BlackTitle "IM"]
[WhiteElo "2474"]
[BlackElo "2333"]
[WhiteTeam "Amay"]
[BlackTeam "Anderlecht"]
[WhiteFideId "4655192"]
[BlackFideId "1000330"]
[EventDate "2011.10.09"]

1. Nf3 Nf6 2. g3 b6 3. Bg2 Bb7 4. c4 c5 5. Nc3 e6 6. O-O Be7 7. d4 cxd4 8. Qxd4
d6 9. Bg5 a6 10. Bxf6 Bxf6 11. Qf4 Ra7 12. Rfd1 Be7 13. Ne4 Bxe4 14. Qxe4 O-O
15. Nd4 Rc7 16. b3 Re8 17. Rac1 Qc8 18. Qb1 Nd7 19. Rc2 Nf6 20. e3 Rd8 21. Rdc1
Qd7 22. b4 e5 23. Ne2 Rdc8 24. Nc3 Rxc4 25. Bf1 R4c7 26. Bxa6 Ra8 27. Bb5 Qf5
28. Na4 Rxc2 29. Qxc2 e4 30. Nxb6 Rd8 31. Nc8 Bf8 32. a4 Ng4 33. Na7 d5 34. Nc6
Rd6 35. h3 Ne5 36. Nxe5 Qxe5 37. Bf1 h5 38. h4 d4 39. exd4 Rxd4 40. Qc7 Bd6 41.
Qd8+ Kh7 42. Qg5 Qxg5 43. hxg5 Bxb4 44. Rc4 Rxc4 45. Bxc4 f5 46. gxf6 gxf6 47.
Kf1 Kg6 48. Ke2 Kg5 49. Be6 f5 50. Bd7 Ba5 51. Be6 Bb6 52. Bd7 Kg4 53. Be6 Bd8
54. Ke3 Bg5+ 55. Ke2 Bd8 56. Ke3 Bb6+ 1/2-1/2

[Event "TCh-BEL 2011-12"]
[Site "Belgium BEL"]
[Date "2012.02.12"]
[Round "8.2"]
[White "De Wit,M"]
[Black "Burg,T"]
[Result "0-1"]
[WhiteTitle "FM"]
[BlackTitle "IM"]
[WhiteElo "2308"]
[BlackElo "2462"]
[WhiteTeam "Anderlecht"]
[BlackTeam "Amay"]
[WhiteFideId "1002210"]
[BlackFideId "1010697"]
[EventDate "2011.10.09"]

1. e4 c5 2. c3 d6 3. d4 Nf6 4. f3 d5 5. e5 Nfd7 6. f4 cxd4 7. cxd4 Nb6 8. Nc3
Nc6 9. Be3 h5 10. Bd3 g6 11. Nf3 Bf5 12. Bxf5 gxf5 13. Bf2 Qd7 14. O-O O-O-O 15.
Rc1 Kb8 16. Ne1 e6 17. Nd3 h4 18. Nc5 Bxc5 19. dxc5 Nc8 20. Nb5 h3 21. g3 f6 22.
exf6 d4 23. Qf3 e5 24. Rfd1 a6 25. a4 e4 26. Qb3 axb5 27. axb5 e3 28. Bxe3 Qe8
29. bxc6 Qxc6 30. Rd2 dxe3 31. Re2 Nd6 32. Qc3 Nf7 33. Qxe3 Rhe8 34. Qf2 Rxe2
35. Qxe2 Re8 36. Qf1 Qxf6 37. c6 Qxb2 38. Rb1 Qd4+ 39. Qf2 Re3 40. Rxb7+ Kc8 41.
Rb1 Nh6 0-1

[Event "TCh-BEL 2011-12"]
[Site "Belgium BEL"]
[Date "2012.02.12"]
[Round "8.3"]
[White "Kleijn,C"]
[Black "Beeckmans,F"]
[Result "1/2-1/2"]
[WhiteTitle "IM"]
[BlackTitle "FM"]
[WhiteElo "2429"]
[BlackElo "2309"]
[WhiteTeam "Amay"]
[BlackTeam "Anderlecht"]
[WhiteFideId "1013564"]
[BlackFideId "201812"]
[EventDate "2011.10.09"]

1. e4 c5 2. Nf3 g6 3. c3 Bg7 4. d4 cxd4 5. cxd4 d5 6. exd5 Nf6 7. Bb5+ Nbd7 8.
d6 exd6 9. Qe2+ Qe7 10. Qxe7+ Kxe7 11. O-O Nb6 12. Re1+ Be6 13. Ng5 Nfd5 14. Nc3
Bxd4 15. Nxd5+ Nxd5 16. Bc4 Nc7 17. Bf4 Rad8 18. Rad1 Be5 19. Nxe6 Nxe6 20. Bxe6
Bxf4 21. Bd5+ Kf6 22. Rd3 Rhe8 23. Red1 Re7 24. Rf3 Kg5 25. h4+ Kg4 26. h5 Be5
27. hxg6 fxg6 28. Rb3 Kg5 29. g3 Kh6 30. Bxb7 Rb8 31. Bd5 Rxb3 1/2-1/2

[Event "TCh-BEL 2011-12"]
[Site "Belgium BEL"]
[Date "2012.02.12"]
[Round "8.5"]
[White "Noiroux,K"]
[Black "Migot,T"]
[Result "1/2-1/2"]
[WhiteElo "2211"]
[BlackElo "2234"]
[WhiteTeam "Amay"]
[BlackTeam "Anderlecht"]
[WhiteFideId "204234"]
[BlackFideId "662445"]
[EventDate "2011.10.09"]

1. d4 Nf6 2. Nf3 g6 3. Bg5 Bg7 4. Nbd2 d5 5. e3 O-O 6. Bd3 c5 7. c3 Nbd7 8. O-O
Re8 9. e4 dxe4 10. Nxe4 cxd4 11. cxd4 Nxe4 12. Bxe4 Nf6 13. Bd3 Bg4 14. Bb5 Rf8
15. Be2 h6 16. Bf4 Nd5 17. Bg3 Qb6 18. Qd2 Rfd8 19. Rac1 Rac8 20. Rxc8 Rxc8 21.
Rc1 Rxc1+ 22. Qxc1 Bxd4 23. Nxd4 Qxd4 24. Qc4 Qxc4 25. Bxc4 Nb6 26. Bb3 Bd7 27.
Bb8 a6 28. Ba7 Nc8 29. Bc5 Nd6 30. f3 Kf8 31. g4 Ne8 32. Be3 Kg7 33. h4 e5 34.
g5 hxg5 35. hxg5 Be6 36. Bxe6 fxe6 37. Ba7 Kf7 38. Bb8 Ng7 39. Bxe5 Nf5 40. Kf2
Ke7 41. Ke2 Kd7 42. Kd3 Ne7 43. Ke4 Nc6 44. Bg7 1/2-1/2

[Event "TCh-BEL 2011-12"]
[Site "Belgium BEL"]
[Date "2012.02.12"]
[Round "8.6"]
[White "Rihouay,C"]
[Black "Memeti,K"]
[Result "1/2-1/2"]
[WhiteElo "2228"]
[BlackElo "2195"]
[WhiteTeam "Anderlecht"]
[BlackTeam "Amay"]
[WhiteFideId "625000"]
[BlackFideId "204390"]
[EventDate "2011.10.09"]

1. e4 g6 2. d4 Bg7 3. c4 Nc6 4. Nf3 d6 5. d5 Ne5 6. Nxe5 Bxe5 7. Bd3 Nf6 8. Bc2
Nd7 9. O-O O-O 10. Nd2 c5 11. Rb1 Bg7 12. a3 a6 13. Ba4 b5 14. cxb5 Nb6 15. b4
Nxa4 16. Qxa4 Bd7 17. Qb3 Bxb5 18. Re1 cxb4 19. axb4 Rc8 20. Bb2 Bxb2 21. Qxb2
Bd3 22. Rbc1 Qb6 23. h3 Rxc1 24. Rxc1 Rb8 25. Rc6 Qd8 26. Qc3 Bb5 27. Rc7 Bd7
28. e5 Rc8 29. exd6 exd6 30. Rxc8 Qxc8 31. Ne4 Qxc3 32. Nxc3 Bb5 33. f4 h5 34.
Kf2 Kg7 35. g4 Bc4 36. g5 f5 37. h4 Kf7 38. Ke3 Ke7 39. Kd4 Bb5 40. Nd1 Kd7 41.
Ne3 Kc7 42. Kc3 Kd7 43. Kb3 Kc7 44. Nc2 Kd7 45. Nd4 Ke7 46. Kc3 Kd7 47. Ne6 Ke7
48. Kb3 Ke8 49. Nc7+ 1/2-1/2

[Event "TCh-BEL 2011-12"]
[Site "Belgium BEL"]
[Date "2012.02.12"]
[Round "8.7"]
[White "Kartsev,A2"]
[Black "Spaan,N"]
[Result "1-0"]
[WhiteElo "2174"]
[BlackElo "2209"]
[WhiteTeam "Amay"]
[BlackTeam "Anderlecht"]
[WhiteFideId "24647110"]
[BlackFideId "1006118"]
[EventDate "2011.10.09"]

1. e4 c5 2. c3 d5 3. exd5 Qxd5 4. d4 Nf6 5. Nf3 Bg4 6. Be2 e6 7. h3 Bh5 8. O-O
Nc6 9. Be3 cxd4 10. cxd4 Be7 11. Nc3 Qd6 12. Qb3 O-O 13. Rfd1 Rfd8 14. a3 Rac8
15. Rac1 Nd5 16. Nxd5 Qxd5 17. Qxd5 exd5 18. g4 Bg6 19. Ne5 Nxe5 20. Rxc8 Rxc8
21. dxe5 Rc2 22. Bf3 Rxb2 23. Rxd5 h6 24. a4 b6 25. Rd7 Bc5 26. Bxc5 bxc5 27.
Rxa7 c4 28. Rc7 Bd3 29. Bd5 Rb1+ 30. Kh2 Rc1 31. Rc8+ Kh7 32. Bxf7 c3 33. Bg8+
Kg6 34. h4 Be4 35. Re8 1-0

[Event "TCh-BEL 2011-12"]
[Site "Belgium BEL"]
[Date "2012.02.12"]
[Round "8.8"]
[White "Tonoli,W"]
[Black "Kartsev,So"]
[Result "1-0"]
[WhiteTitle "FM"]
[WhiteElo "2191"]
[BlackElo "2183"]
[WhiteTeam "Anderlecht"]
[BlackTeam "Amay"]
[WhiteFideId "200204"]
[BlackFideId "4130561"]
[EventDate "2011.10.09"]

1. c4 e5 2. g3 Nc6 3. Bg2 g6 4. Nc3 Bg7 5. Rb1 Nge7 6. b4 O-O 7. b5 Nd4 8. e3
Ne6 9. Nge2 a6 10. a4 axb5 11. axb5 d6 12. O-O h5 13. f4 Nf5 14. d3 exf4 15.
gxf4 Nh4 16. Bh1 Nc5 17. d4 Nd7 18. e4 f5 19. e5 Nb6 20. exd6 cxd6 21. c5 dxc5
22. dxc5 Nd7 23. Be3 Ra3 24. Rb3 Qa5 25. c6 bxc6 26. bxc6 Nf6 27. Bf2 Ne4 28.
Nxe4 fxe4 29. Bxh4 Bh3 30. Bg2 Ra1 31. Rb1 Rxb1 32. Qxb1 Bxg2 33. Kxg2 Qf5 34.
Qb3+ Kh7 35. h3 Rd8 36. Bxd8 g5 37. Bxg5 Qc5 38. Rc1 Qa7 39. c7 Qa6 40. Qc4 Qa3 1-0

[Event "TCh-BEL 2011-12"]
[Site "Belgium BEL"]
[Date "2012.02.12"]
[Round "8.1"]
[White "Winants,L"]
[Black "Malakhatko,V"]
[Result "1/2-1/2"]
[WhiteTitle "GM"]
[BlackTitle "GM"]
[WhiteElo "2540"]
[BlackElo "2543"]
[WhiteTeam "Ans"]
[BlackTeam "Bruges"]
[WhiteFideId "200018"]
[BlackFideId "14104202"]
[EventDate "2011.10.09"]

1. d4 d5 2. Bf4 c6 3. e3 Qb6 4. b3 Bf5 5. Bd3 Bxd3 6. Qxd3 a5 7. Nc3 Nd7 8. Nf3
Qa6 9. Qxa6 Rxa6 10. e4 e6 11. exd5 exd5 12. O-O f6 13. Na4 b5 14. Nb2 Ba3 15.
Nd3 Ne7 16. Bc1 Bd6 17. Bf4 Ba3 18. Bc1 1/2-1/2

[Event "TCh-BEL 2011-12"]
[Site "Belgium BEL"]
[Date "2012.02.12"]
[Round "8.2"]
[White "Czebe,A"]
[Black "Hoffmann,Micha1"]
[Result "0-1"]
[WhiteTitle "GM"]
[BlackTitle "GM"]
[WhiteElo "2513"]
[BlackElo "2496"]
[WhiteTeam "Bruges"]
[BlackTeam "Ans"]
[WhiteFideId "705268"]
[BlackFideId "4601297"]
[EventDate "2011.10.09"]

1. c4 e5 2. Nc3 Nf6 3. Nf3 Nc6 4. a3 g6 5. b4 d6 6. e3 Bg7 7. Bb2 O-O 8. d3 e4
9. dxe4 Nxe4 10. Qc2 Nxc3 11. Bxc3 a5 12. b5 Bf5 13. Qb2 Bxc3+ 14. Qxc3 Ne5 15.
Nxe5 Qf6 16. Be2 dxe5 17. Bf3 c6 18. bxc6 bxc6 19. O-O Kg7 20. e4 Be6 21. Rfd1
a4 22. Rd6 c5 23. Qe3 Qf4 24. Qxc5 Rfc8 25. Rc6 Rab8 26. Rf1 h5 27. Qd6 Rd8 28.
Qc5 Rdc8 29. Bd1 Rxc6 30. Qxc6 Rc8 31. Qxa4 Rxc4 32. Qa5 Rxe4 33. g3 Qf6 34. Qc3
Bh3 35. Qf3 Qc6 36. Bb3 f5 37. Bd1 Qc4 0-1

[Event "TCh-BEL 2011-12"]
[Site "Belgium BEL"]
[Date "2012.02.12"]
[Round "8.3"]
[White "Gulbas,C"]
[Black "Maenhout,T"]
[Result "1-0"]
[WhiteTitle "IM"]
[BlackTitle "FM"]
[WhiteElo "2387"]
[BlackElo "2379"]
[WhiteTeam "Ans"]
[BlackTeam "Bruges"]
[WhiteFideId "201820"]
[BlackFideId "205044"]
[EventDate "2011.10.09"]

1. e4 c5 2. Nf3 d6 3. d4 cxd4 4. Nxd4 Nf6 5. Nc3 a6 6. Be2 e5 7. Nb3 Be7 8. g4
h6 9. Be3 Be6 10. Nd5 Nbd7 11. Nxe7 Qxe7 12. Bf3 Rc8 13. h4 Bxb3 14. axb3 Nc5
15. g5 hxg5 16. hxg5 Rxh1+ 17. Bxh1 Nfd7 18. Qg4 g6 19. b4 Ne6 20. c3 Kd8 21.
Bg2 Kc7 22. Bf1 Rh8 23. b5 axb5 24. Qe2 Nd8 25. Qxb5 Nc6 26. Ra3 Rh1 27. Kd2 Nc5
28. b4 Nxe4+ 29. Kc2 Rxf1 30. Qxf1 d5 31. Qd3 Qd6 32. f3 Ng3 33. Bc5 Qe6 34. Qb5
d4 35. Qb6+ Kb8 36. b5 Nb4+ 37. cxb4 Qc4+ 38. Kb2 Qe2+ 39. Kb3 Qxf3+ 40. Ka4
Qd1+ 41. Ka5 Kc8 42. Be7 1-0

[Event "TCh-BEL 2011-12"]
[Site "Belgium BEL"]
[Date "2012.02.12"]
[Round "8.6"]
[White "Donovan,L"]
[Black "Goossens,E"]
[Result "1-0"]
[BlackTitle "FM"]
[WhiteElo "2262"]
[BlackElo "2219"]
[WhiteTeam "Bruges"]
[BlackTeam "Ans"]
[WhiteFideId "202819"]
[BlackFideId "201006"]
[EventDate "2011.10.09"]

1. e4 e5 2. Bc4 Nf6 3. d3 Nc6 4. Nc3 Na5 5. Nf3 d6 6. h3 Be7 7. Be3 O-O 8. a3
Nxc4 9. dxc4 c6 10. Qd3 Nxe4 11. Nxe4 f5 12. Nxd6 Qxd6 13. Qxd6 Bxd6 14. O-O-O
Bc7 15. Bc5 Re8 16. Bd6 Bxd6 17. Rxd6 f4 18. Re1 e4 19. Nd4 g5 20. h4 gxh4 21.
Rf6 f3 22. gxf3 Bd7 23. fxe4 c5 24. Nf5 Rf8 25. Ne7+ Kh8 26. Rd6 Bg4 27. Rh6 h3
28. Rh4 h5 29. Ng6+ Kg7 30. Nxf8 Rxf8 31. Rg1 Kh6 32. Rgxg4 Rxf2 33. Rxh3 1-0

[Event "TCh-BEL 2011-12"]
[Site "Belgium BEL"]
[Date "2012.02.12"]
[Round "8.7"]
[White "Blagodarov,V"]
[Black "Gryson,W"]
[Result "1/2-1/2"]
[WhiteElo "2113"]
[BlackElo "2242"]
[WhiteTeam "Ans"]
[BlackTeam "Bruges"]
[WhiteFideId "225720"]
[BlackFideId "209309"]
[EventDate "2011.10.09"]

1. c4 g6 2. g3 Bg7 3. Bg2 d6 4. Nc3 e5 5. e4 Nc6 6. Nge2 h5 7. h4 Nge7 8. d3 Bg4
9. f3 Be6 10. Nd5 Qd7 11. Bg5 Ng8 12. Rb1 Nce7 13. b4 c6 14. Nxe7 Nxe7 15. Qc2
O-O 16. O-O d5 17. Rbd1 Rfe8 18. Kh2 Kh7 19. a3 a5 20. Nc1 Qd6 21. c5 Qc7 22.
Bd2 axb4 23. Bxb4 f5 24. Bh3 Qd7 25. Qg2 Rf8 26. Ne2 Rf7 27. f4 fxe4 28. Bxe6
Qxe6 29. dxe4 Raf8 30. fxe5 Bxe5 31. Rxf7+ Rxf7 32. exd5 Nxd5 33. Rd3 Qg4 34.
Kh1 Nxb4 35. axb4 Qxb4 36. Rf3 Rd7 37. Qf2 Kg7 38. Qe3 Re7 39. Qf2 Qe4 40. Kg1
Ba1 41. Kf1 Bb2 42. Kg1 Qe5 43. Kf1 Qd5 44. Nf4 Qc4+ 45. Kg2 Be5 46. Nd3 Bd4 47.
Qd2 Qd5 48. Nf4 Qe4 49. Qc1 Kh7 50. Qc4 Be3 51. Qxe4 Rxe4 52. Nd3 Kg7 53. Kh3
Bd4 54. Kg2 Re2+ 55. Kh3 Re3 56. Kg2 Rxf3 57. Kxf3 Kf6 58. Kf4 Bc3 59. g4 Bd2+
60. Kf3 Ke6 61. gxh5 gxh5 62. Ke4 Bh6 63. Nf4+ Bxf4 64. Kxf4 Kd5 65. Kg5 Kxc5
66. Kxh5 b5 67. Kg5 b4 68. h5 b3 69. h6 b2 70. h7 b1=Q 71. h8=Q Qg1+ 72. Kf5 Qd4
73. Qa8 Qd5+ 74. Kf4 1/2-1/2

[Event "TCh-BEL 2011-12"]
[Site "Belgium BEL"]
[Date "2012.02.12"]
[Round "8.8"]
[White "Verlinde,T"]
[Black "Lafosse,J"]
[Result "1-0"]
[WhiteElo "2222"]
[BlackElo "2058"]
[WhiteTeam "Bruges"]
[BlackTeam "Ans"]
[WhiteFideId "209325"]
[BlackFideId "202150"]
[EventDate "2011.10.09"]

1. e4 e6 2. d3 c5 3. Nf3 Nc6 4. g3 Nge7 5. Bg2 g6 6. O-O Bg7 7. Nbd2 O-O 8. Re1
d6 9. c3 e5 10. a3 a5 11. a4 h6 12. Nc4 Be6 13. Na3 f5 14. exf5 Nxf5 15. Nb5 d5
16. Nxe5 Bxe5 17. f4 Bxc3 18. bxc3 Bf7 19. Ba3 b6 20. d4 Re8 21. dxc5 Ne3 22.
Qd3 Nxg2 23. Kxg2 Qf6 24. cxb6 Rad8 25. Bc5 Re4 26. Re3 g5 27. fxg5 hxg5 28. Rf1
Qe6 29. Rxe4 dxe4 30. Qe3 Qe5 31. Nd4 Nxd4 32. Bxd4 Qd5 33. g4 Be6 34. Qh3 1-0

[Event "TCh-LTU 2012"]
[Site "Lithuania LTU"]
[Date "2012.02.11"]
[Round "3"]
[White "Sulskis,S"]
[Black "Narmontas,M"]
[Result "1-0"]
[WhiteTitle "GM"]
[BlackTitle "FM"]
[WhiteElo "2595"]
[BlackElo "2398"]
[WhiteTeam "Margiris (Kaunas)"]
[BlackTeam "VSK Bokstas (Plunge)"]
[WhiteFideId "12800112"]
[BlackFideId "12802204"]
[EventDate "2012.01.21"]
[EventType "team"]

1. c4 e5 2. Nc3 Nc6 3. g3 g6 4. Bg2 Bg7 5. e3 f5 6. Nge2 Nf6 7. d4 d6 8. dxe5
dxe5 9. Bxc6+ bxc6 10. Qxd8+ Kxd8 11. b3 Be6 12. Bb2 Ke7 13. Na4 Nd7 14. O-O-O
Bf6 15. Rd2 Rhd8 16. Rhd1 Nb6 17. Nc5 Rxd2 18. Rxd2 Re8 19. f4 exf4 20. Bxf6+
Kxf6 21. exf4 Bf7 22. Nd4 Re1+ 23. Rd1 Rxd1+ 24. Kxd1 Be8 25. Nce6 Nc8 26. c5
Ne7 27. Nxc7 Bd7 28. h4 Ng8 29. Na6 Ke7 30. Nb8 Nf6 31. Ndxc6+ Bxc6 32. Nxc6+
Kd7 33. Nxa7 Ne4 34. b4 Nxg3 35. a4 Nh5 36. b5 Nxf4 37. b6 Nd5 38. c6+ Kd6 39.
a5 h6 40. b7 1-0

[Event "TCh-LTU 2012"]
[Site "Lithuania LTU"]
[Date "2012.02.11"]
[Round "3"]
[White "Kalvaitis,S"]
[Black "Starostits,I"]
[Result "1/2-1/2"]
[BlackTitle "GM"]
[WhiteElo "2252"]
[BlackElo "2469"]
[WhiteTeam "VSK Bokstas (Plunge)"]
[BlackTeam "Margiris (Kaunas)"]
[WhiteFideId "12802638"]
[BlackFideId "11600748"]
[EventDate "2012.01.21"]
[EventType "team"]

1. e4 c6 2. d4 d5 3. Nc3 a6 4. h3 dxe4 5. Nxe4 Bf5 6. Ng3 Bg6 7. h4 h6 8. Nf3 e6
9. Ne5 Bh7 10. Bc4 Nd7 11. Qe2 Nxe5 12. dxe5 Ne7 13. Bb3 c5 14. Be3 Nc6 15. Rd1
Qa5+ 16. c3 c4 17. Qxc4 Qxe5 18. O-O Be7 19. Rfe1 Qf6 20. Bd4 Nxd4 21. Rxd4 O-O
22. Rf4 b5 23. Qc7 Rac8 24. Qxc8 Rxc8 25. Rxf6 Bxf6 26. Rxe6 a5 27. Ra6 a4 28.
Bd5 Bxh4 29. Rb6 Bd3 30. Rb7 a3 31. bxa3 Bxg3 32. fxg3 Bc4 33. Bxc4 Rxc4 1/2-1/2

[Event "TCh-LTU 2012"]
[Site "Lithuania LTU"]
[Date "2012.02.11"]
[Round "3"]
[White "Laurusas,T"]
[Black "Setkauskas,V"]
[Result "1-0"]
[WhiteElo "2369"]
[BlackElo "2161"]
[WhiteTeam "Margiris (Kaunas)"]
[BlackTeam "VSK Bokstas (Plunge)"]
[WhiteFideId "12803731"]
[BlackFideId "12803936"]
[EventDate "2012.01.21"]
[EventType "team"]

1. c4 f5 2. d4 Nf6 3. Nc3 e6 4. Nf3 d5 5. Bf4 Bd6 6. e3 c6 7. Bd3 O-O 8. Qc2 Ne4
9. O-O-O b6 10. Bxd6 Qxd6 11. cxd5 exd5 12. Ne5 Nd7 13. f4 Nxe5 14. fxe5 Qh6 15.
Rde1 Be6 16. Kb1 Rac8 17. Ba6 Rcd8 18. Nxe4 dxe4 19. Ka1 Bd5 20. Bc4 f4 21. exf4
Rxf4 22. g3 Rf7 23. Rxe4 Qe6 24. Bxd5 Rxd5 25. Rc1 c5 26. Qa4 b5 27. Qxb5 cxd4
28. Qb8+ Rf8 29. Qxa7 d3 30. Qe3 d2 31. Rd1 Rc8 32. b3 Qg6 33. Kb2 Qf5 34. e6
Qf6+ 35. Kb1 Rdc5 36. Qxd2 1-0

[Event "TCh-LTU 2012"]
[Site "Lithuania LTU"]
[Date "2012.02.11"]
[Round "3"]
[White "Rimeikis,A"]
[Black "Solys,L"]
[Result "0-1"]
[BlackTitle "FM"]
[WhiteElo "2065"]
[BlackElo "2335"]
[WhiteTeam "VSK Bokstas (Plunge)"]
[BlackTeam "Margiris (Kaunas)"]
[WhiteFideId "12803910"]
[BlackFideId "12800368"]
[EventDate "2012.01.21"]
[EventType "team"]

1. e4 e5 2. Nf3 Nc6 3. Bb5 a6 4. Ba4 Nf6 5. O-O Nxe4 6. d4 b5 7. Bb3 d5 8. dxe5
Be6 9. Nbd2 Nc5 10. c3 d4 11. Ng5 Qxg5 12. Qf3 O-O-O 13. Bxe6+ fxe6 14. Qxc6
Qxe5 15. b4 Qd5 16. Qxd5 exd5 17. bxc5 dxc3 18. Nf3 Bxc5 19. Bf4 d4 20. Rfd1 d3
21. Ne5 d2 22. Kf1 Rhe8 23. Nf3 Re4 24. g3 h6 25. h4 Rd3 0-1

[Event "TCh-LTU 2012"]
[Site "Lithuania LTU"]
[Date "2012.02.11"]
[Round "3"]
[White "Stremavicius,T"]
[Black "Vasylius,K"]
[Result "1-0"]
[WhiteElo "2184"]
[BlackElo "2114"]
[WhiteTeam "Margiris (Kaunas)"]
[BlackTeam "VSK Bokstas (Plunge)"]
[WhiteFideId "12804444"]
[BlackFideId "12803294"]
[EventDate "2012.01.21"]
[EventType "team"]

1. d4 e6 2. c4 Bb4+ 3. Bd2 Qe7 4. g3 f5 5. Bg2 Nf6 6. Nc3 O-O 7. Nh3 Nc6 8. a3
Bxc3 9. Bxc3 d6 10. b4 e5 11. b5 Nxd4 12. Bxd4 exd4 13. Qxd4 a6 14. e3 axb5 15.
cxb5 Qe5 16. O-O Qxb5 17. Rfb1 Qa6 18. Nf4 Kh8 19. h4 Qa7 20. Qd3 Rb8 21. Rc1
Qa5 22. Rab1 b5 23. Bc6 Bd7 24. Bxd7 Nxd7 25. Ne6 Ne5 26. Qc3 Qxc3 27. Rxc3 Nf3+
28. Kg2 Nd2 29. Rd1 Rfe8 30. Nxc7 Ne4 31. Rcc1 Red8 32. Rd5 b4 33. Na6 Ra8 34.
Nxb4 Rxa3 35. Rxf5 Nf6 36. Rd1 Kg8 37. Nd5 Kf7 38. Nxf6 Ke6 39. Rfd5 gxf6 40.
Rh5 Rd7 41. Rd4 Rf7 42. g4 Rc3 43. Rh6 Rc5 44. Kg3 Re5 45. g5 Ke7 46. Rxf6 Rxf6
47. gxf6+ Kxf6 48. Rxd6+ Kf5 49. Rd7 h6 50. Rd6 h5 51. Kf3 1-0

[Event "TCh-LTU 2012"]
[Site "Lithuania LTU"]
[Date "2012.02.11"]
[Round "3"]
[White "Bucinskas,V"]
[Black "Martinkus,R"]
[Result "1-0"]
[BlackTitle "FM"]
[WhiteElo "2361"]
[BlackElo "2224"]
[WhiteTeam "VSSSM-Chess United (Vilnius)"]
[BlackTeam "Mantinga (Marijampole)"]
[WhiteFideId "12801445"]
[BlackFideId "12800481"]
[EventDate "2012.01.21"]
[EventType "team"]

1. e4 e5 2. Nf3 Nc6 3. Bb5 a6 4. Ba4 Nf6 5. O-O Nxe4 6. d4 b5 7. Bb3 d5 8. dxe5
Be6 9. c3 Bc5 10. Nbd2 O-O 11. Bc2 f5 12. Nb3 Bb6 13. Nfd4 Nxd4 14. cxd4 f4 15.
f3 Ng3 16. Rf2 Qh4 17. Bd2 Nf5 18. Bb4 Ne3 19. Qe1 Rfe8 20. a4 a5 21. Re2 Qg5
22. Bc5 bxa4 23. Nc1 Bxc5 24. dxc5 Bh3 25. Qd2 Rxe5 26. Nd3 Bxg2 27. Rxg2 Nxg2
28. Nxe5 Nh4+ 29. Kf2 Qxe5 30. Rxa4 Qg5 31. Rxf4 Qg2+ 32. Ke3 Re8+ 33. Kd3 Nxf3
34. Qxg2 Ne1+ 35. Kc3 Nxg2 36. Ra4 Ne1 37. Bd1 g5 38. Rxa5 d4+ 39. Kd2 Ng2 40.
c6 h6 41. Ra7 Ne3 42. Bb3+ Kg7 43. Rxc7+ Kf6 44. Rd7 Nf5 45. c7 Rc8 46. Bc4 1-0

[Event "TCh-LTU 2012"]
[Site "Lithuania LTU"]
[Date "2012.02.11"]
[Round "3"]
[White "Svitojus,Z"]
[Black "Mickevicius,J"]
[Result "0-1"]
[WhiteElo "1941"]
[BlackElo "2343"]
[WhiteTeam "Mantinga (Marijampole)"]
[BlackTeam "VSSSM-Chess United (Vilnius)"]
[WhiteFideId "12805777"]
[BlackFideId "12801402"]
[EventDate "2012.01.21"]
[EventType "team"]

1. e4 g6 2. d4 Bg7 3. Nc3 d6 4. Be3 a6 5. Qd2 b5 6. f3 Bb7 7. g4 Nd7 8. h4 h5 9.
g5 e6 10. Nge2 Ne7 11. Ng3 c5 12. a3 Nc6 13. d5 Nd4 14. Bxd4 cxd4 15. Nce2 exd5
16. Nxd4 dxe4 17. Nxe4 O-O 18. O-O-O Ne5 19. Qb4 Bxe4 20. fxe4 Qb6 21. Kb1 Rac8
22. Rh2 Nc4 23. c3 Ne3 24. Re1 Nxf1 25. Rxf1 Rc4 26. Qb3 Bxd4 27. cxd4 Qxd4 28.
Re2 Qe5 29. Qd3 Re8 30. Rfe1 Re6 31. Qe3 d5 32. Qa7 Rxe4 33. Rxe4 dxe4 34. Rf1
Re7 35. Qxa6 e3 36. Qc8+ Kg7 37. Qc3 Qxc3 38. bxc3 e2 39. Re1 f5 40. gxf6+ Kxf6
41. Kc2 g5 42. hxg5+ Kxg5 43. Kd2 Kf4 44. Rxe2 Rxe2+ 45. Kxe2 Ke4 0-1